| 000 | 00730nam a2200193 i 4500 | ||
|---|---|---|---|
| 001 | 176414 | ||
| 003 | ES-MaACL | ||
| 005 | 20250903084240.0 | ||
| 008 | 110113s1885 sp c |||| | spa d | ||
| 110 | 2 |
_aLibrería de Juan Giménez. _95515 |
|
| 245 | 1 | 0 | _aNuevo catálogo de los libros antiguos y modernos que se hallan de venta en la Librería de Juan Jiménez, calle Jacometrezo, núm. 63, Madrid. |
| 260 |
_a[S.l. : _bs.n., _c1885?] |
||
| 300 |
_a128 p. ; _c20 cm. |
||
| 594 | _aTítulo tomado del principio del texto, ejemplar sin portada. | ||
| 650 | 7 |
_aCatálogos de editores- _yS.XIX _2 _9169796 |
|
| 650 | 7 |
_aCatálogos de libreros _2embne _9139327 |
|
| 852 |
_aES-MaACL _jT-427-F-8 |
||
| 999 |
_c176414 _d176414 |
||